000 00491cam a2200193ua 4500
001 6371
005 20260515114036.0
008 131204n ii |||gr||||Z||||||eng
040 _cMAIN
082 _a651
245 1 1 _aBusiness letters for different occasions
_cBy A.N. Kapoor
250 _a1st ed.
260 _aNew delhi:
_bS. chand & company pvt ltd,
_c1987.
300 _ax,279p.
653 _aCommerce
653 _aBusiness letters
700 1 _aKapoor,A.N.,
_eAuthor.,
942 _cBK
999 _c5517
_d5517